000 01892nam a2200253Ia 4500
003 OSt
005 20240626113056.0
008 210210b2018 xxu||||| |||| 00| 0 eng d
020 _a9788171300099
040 _cAL
041 _aMalayalam
082 _a894.8123 BASB
100 _aVaikom Muhammad Basheer
_958197
_dവൈക്കം മുഹമ്മദ് ബഷീർ
245 _aBalyakalasakhi
_bബാല്യകാലക്ഷി
260 _aKottayam
_bD C Books
_c2018
300 _a93p.
_bPB
_c21x13cm.
520 _aThe childhood romance between neighbours blossoms into passionate love during adolescence. Majeed's father was rich once, so could send him to a school in the distant town, although he was not very good at studies. Suhra's father on the other hand had trouble making both ends meet. Even then he wanted to send his daughter, who was good at studies to the school. But after her father's death, all her hopes of further studies was ruined. Majeed begs his father to sponsor Suhra's education, but he refuses. Majeed leaves home after a skirmish with his father, and wanders over distant lands for a long time before returning home. On his return, he finds that his family's former affluence is all gone, and that his beloved Suhra has married someone else. He is grief struck at the loss of love, and this is when Suhra turns up at his home. She is a shadow of her former self. The beautiful, sunshiny, vibrant Suhra of old is now a woman worn out by life, battered hard by a loveless marriage to an abusive husband. Majeed commands her, "Suhra, don't go back!" and she stays.
650 _aMalayalam Novel
_958523
650 _aMalayalam Fiction
_958524
690 _aMalayalam: മലയാളം
_958198
700 _aBASHEER (Vaikom Muhammad): ബഷീർ (വൈക്കം മുഹമ്മദ്)
_958492
906 _a072405
942 _2ddc
_cBK
999 _c91866
_d91866